000 00713nam a2200277Ia 4500
005 20260324132923.0
008 008 260324s9999 xx 000 0 eng d
020 _a9781003547785
037 _aEBOOK
040 _aCRL
040 _beng
040 _cCRL
041 _2eng
041 _aeng
084 _qCRL
100 _aGraham Law; Tamar Heller; Andrew Maunder; Sally Mitchell; Mark Knight
_91191118
245 0 _aVarieties of Women's Sensation Fiction, 1855-1890 Vol 3
260 _bTaylor and Francis
260 _c2004
365 _a
365 _b145
856 _uhttp://www.taylorfrancis.com/books/9781003547785
942 _cEBOOK
999 _c1789674
_d1789674